|
|
|
|
| LEADER |
00984nab a2200217 i 4500 |
| 001 |
acta24480 |
| 005 |
20220721140711.0 |
| 008 |
161017s1966 hu o 0|| ger d |
| 022 |
|
|
|a 0365-8066
|
| 040 |
|
|
|a SZTE Egyetemi Kiadványok Repozitórium
|b hun
|
| 041 |
|
|
|a ger
|
| 100 |
1 |
|
|a Kedves Miklós
|
| 245 |
1 |
0 |
|a Kurzer Überblick über die palynologischen Ergebnisse aus dem Praequartär Ungarns mit besonderer Berücksichtigung der stratigraphischen Stellung des Urkuter Manganerzes
|h [elektronikus dokumentum] /
|c Kedves Miklós
|
| 260 |
|
|
|a University of Szeged, Department of Mineralogy, Geochemistry and Petrology
|b Szeged
|c 1966
|
| 300 |
|
|
|a 115-122
|
| 490 |
0 |
|
|a Acta mineralogica-petrographica
|v 17 No. 2
|
| 650 |
|
4 |
|a Természettudományok
|
| 650 |
|
4 |
|a Föld- és kapcsolódó környezettudományok
|
| 695 |
|
|
|a Kőzettan, Ásványtan, Földtan
|
| 700 |
0 |
1 |
|a Bohony Edit
|e aut
|
| 856 |
4 |
0 |
|u http://acta.bibl.u-szeged.hu/24480/1/mineralogica_017_fasc_002_115-122.pdf
|z Dokumentum-elérés
|